| 000 | 00000nam##2200000za#4500 |
| 001 | 9.697367 |
| 003 | CaOODSP |
| 005 | 20210624235441 |
| 007 | cr ||||||||||| |
| 008 | 150407|2007||||xxc|||||o f|0| 0 eng|d |
| 040 | |aCaOODSP|beng |
| 043 | |an-cn--- |
| 086 | 1 |aFD4-4/4-2007E-PDF |
| 110 | 2 |aFinancial Transactions and Reports Analysis Centre of Canada. |
| 245 | 10|aFeedback on suspicious transaction reporting : |h[electronic resource]|bbanking sector |
| 260 | |aOttawa - Ontario : |bFinancial Transactions and Reports Analysis Centre of Canada |cMarch 2007. |
| 300 | |a15p.|bfigs., tables |
| 590 | |a13-06-Supp|b2013-03-19 |
| 690 | 07|aBanking|2gcpds |
| 690 | 07|aEconomic crime|2gcpds |
| 775 | 08|tRétroaction sur la déclaration d'opérations douteuses : |w(CaOODSP)9.641422 |
| 856 | 40|ahttp://publications.gc.ca|qPDF|s72 KB|uhttps://publications.gc.ca/collections/collection_2013/canafe-fintrac/FD4-4-4-2007-eng.pdf |